000 00475nam a2200181Ia 4500
005 20250508151311.0
008 008 250505s9999 xx 000 0 hin d
037 _aTextual
040 _aFEDL
_beng
_cFEDL
041 _ahin
_2hin
084 _aFH, SAN
_qFEDL
100 _aSankretyayan Rahul
_9758817
245 0 _aVolgase ganga
260 _aAllahabad, India
_bKitab Mahal
_c1950
300 _a386p.
942 _cTEXL
_hFH, SAN
999 _c1328933
_d1328933